000 00264nam a2200097Ia 4500
001 1251158
005 20251031150910.0
008 251031s9999 xx 000 0 und d
245 0 _cSİNEM ÖZEN CANBOLAT
_aI-5 BEBEĞİMLE OYNUYORUM
260 _bHAYY KİTAP YAYINLARI
999 _c1251158
_d1251158